| 000 | 00599nam a22001937a 4500 | ||
|---|---|---|---|
| 999 |
_c525330 _d525330 |
||
| 003 | NUST | ||
| 005 | 20190701063036.0 | ||
| 008 | 190701b ||||| |||| 00| 0 eng d | ||
| 038 | _aMr. Zahoor | ||
| 082 | _a510 | ||
| 100 |
_aSultan, Aiman _916146 |
||
| 245 |
_aNumerical Study of Some Flow and Heat Transfer Problems Involving Generalized Newtonian Fluid / _cAiman Sultan |
||
| 260 |
_aIslamabad _bSNS - NUST _c2018. |
||
| 300 |
_avii, 42p. : ill. ; _c30cm |
||
| 500 | _aHardcover. | ||
| 650 |
_aMathematics - MS Thesis _916139 |
||
| 700 |
_aDr. Meraj Mustafa Hashmi _916147 |
||
| 942 |
_2ddc _cTHE |
||